000 00628nmc a2200241 a 4500
003 AR-BaBNM
005 20251128202654.0
008 037019s1988 ||||||||||||||000 | spa||
040 _cAR-BaBNM
245 1 0 _aPoesía yugoslava contemporánea
260 _aBuenos Aires
_bEdiciones Literatura Americana Reunida
_c1988
300 0 _a150 p.
_bil.
490 0 _aIsla negra
650 4 _aPOESIA
650 4 _aESCRITORES
650 4 _aANTOLOGIAS
650 4 _aLITERATURA CONTEMPORANEA
653 0 _aLITERATURA YUGOSLAVA
655 _aLITERATURA
700 1 _aPrenz, Juan Octavio
_ecompilador
942 _cBK
998 _cMARTIN
999 _c65
_d65